000
00252nam a2200097Ia 4500
001
1053190
005
20250827001300.0
008
250824s9999 xx 000 0 und d
245
0
_a
İÇİMİZDEKİ ŞEYTAN
_c
SABAHATTİN ALİ
260
_b
MARTI YAYINCILIK
999
_c
1053190
_d
1053190